000 00663cam a2200193 4500
001 14950
005 20230411085920.0
008 060907n2000 dr spa
035 _9funglode15075
041 _aES
050 1 4 _a
110 2 _aRepública Dominicana. Secretaría de Estado de Educación y Cultura
245 1 0 _aEstadísticas e indicadores educativos 1998-1999 /
_cSecretaría de Estado de Educación y Cultura (SEEC)
260 _aSanto Domingo :
_bSecretaría de Estado de Educación y Cultura (SEEC),
_c2000
300 _a128 p.
440 _aSerie gestión educativa ;
_v4
650 0 _aEducation
_xAims and objectives.
942 _2lcc
_cbk
999 _c109254
_d109254